More Vowels European Countries Quiz Stats

 Plays Quiz Updated Jan 14, 2017

Challenge
Share
Tweet
Embed
Score 0/9 Timer 02:00
17 Plays Today
Vowels - Consonants Country % Correct
3-2Italy
72.4%
4-3Austria
68.4%
4-3Estonia
66.7%
4-3Ukraine
61.9%
4-3Albania
57.4%
5-4Lithuania
53.7%
4-3Croatia
50%
4-3Romania
47.5%
5-4Macedonia
39.7%

You're not logged in!

Compare scores with friends on all Sporcle quizzes.
OR
Log In

You Might Also Like...

Show Comments

Extras

Top Quizzes Today


Score Distribution

Your Account Isn't Verified!

In order to create a playlist on Sporcle, you need to verify the email address you used during registration. Go to your Sporcle Settings to finish the process.

Report this User

Report this user for behavior that violates our Community Guidelines.

Details: